|
|
|
|
| LEADER |
00000cam a2200000 4500 |
| 001 |
vtls012281760 |
| 003 |
SK-MaSNL |
| 005 |
20260301232303.0 |
| 008 |
250822s2025 xo a grf 010 0 slo |
| 015 |
|
|
|a SNBA2025/09
|
| 020 |
|
|
|a 9788083000117
|q (viazané)
|
| 040 |
|
|
|a SNK
|b slo
|c SNK
|e rda
|
| 041 |
1 |
|
|a slo
|h eng
|
| 044 |
|
|
|a xo
|c SK
|
| 072 |
|
7 |
|a 27-5
|x Liturgia. Kresťanské umenie a symbolika. Duchovný život
|2 konspekt
|
| 080 |
|
|
|a 27-534.3
|2 2011
|
| 080 |
|
|
|a 27-584
|2 2011
|
| 080 |
|
|
|a (035)
|2 2011
|
| 100 |
1 |
|
|a Tucker, Jennifer
|4 aut
|9 625693
|
| 240 |
1 |
0 |
|a Breath as prayer
|l Slovensky
|
| 245 |
1 |
0 |
|a Dych ako modlitba
|b zmiernite úzkosť, upokojte myseľ, osviežte si dušu
|c Jennifer Tuckerová ; predslov Ann Voskampová ; preklad: Zuzana Vengliková
|
| 250 |
|
|
|a Prvé vydanie
|
| 264 |
|
1 |
|a Stará Ľubovňa
|b Kumran, s.r.o.
|c 2025
|
| 300 |
|
|
|a 207 strán
|b ilustrácie
|c 20 cm
|
| 336 |
|
|
|a text
|b txt
|2 rdacontent
|
| 337 |
|
|
|a bez média
|b n
|2 rdamedia
|
| 338 |
|
|
|a zväzok
|b nc
|2 rdacarrier
|
| 500 |
|
|
|a Preložené z angličtiny
|
| 650 |
0 |
7 |
|a kresťanská modlitba
|2 SNKPH
|9 2009
|
| 650 |
0 |
7 |
|a duchovný život
|2 SNKPH
|9 1807
|
| 650 |
0 |
7 |
|a Christian prayers
|2 SNKPHeng
|9 267714
|
| 650 |
0 |
7 |
|a Spiritual life
|2 SNKPHeng
|9 265583
|
| 655 |
|
7 |
|a príručky
|2 SNKPH
|9 74364
|
| 655 |
|
7 |
|a Handbooks, manuals, etc.
|2 SNKPHeng
|9 90964
|
| 700 |
1 |
|
|a Voskamp, Ann,
|d 1973-
|4 aui
|9 171323
|
| 700 |
1 |
|
|a Vengliková, Zuzana
|c (prekladateľka)
|4 trl
|9 194685
|
| 700 |
1 |
|
|a Talarovič, Štefan
|4 bjd
|9 81487
|
| 852 |
|
|
|a Slovenská národná knižnica
|
| 919 |
|
|
|a 978-80-8300-011-7
|
| 954 |
|
|
|a duchovná literatúra cudzojazyčná (svetová)
|2 lita
|
| 958 |
|
|
|a NB
|
| 958 |
|
|
|a UP
|
| 968 |
|
|
|b ENG
|
| 999 |
|
|
|c 960993
|d 962923
|
| 952 |
|
|
|a SNK
|b SNK
|y PREZ
|7 0
|p 17A1577180
|o snkSD 93614
|i snk2025/13345
|8 0
|0 0
|1 0
|4 0
|d 2025-08-22
|l 0
|r 2026-02-24 10:18:29
|w 2026-02-24
|
| 952 |
|
|
|a SNK
|b SNK
|y VYP
|7 0
|p 17A1577181
|o snkSD 93614 D1
|i snk2025/13346
|8 0
|0 0
|1 0
|4 0
|d 2025-08-22
|l 0
|r 2026-02-24 10:18:29
|w 2026-02-24
|